[Event "POL-chT2"]
[Site "Augustow"]
[Date "1997.??.??"]
[Round "?"]
[White "Padrak, Rafal"]
[Black "Brustman, Jan"]
[Result "1-0"]
[WhiteElo "2135"]
[BlackElo "2045"]
[PlyCount "52"]
[EventDate "1997.??.??"]
[EventType "team"]
[EventRounds "9"]
[EventCountry "POL"]
[SourceTitle "EXT 2003"]
[Source "ChessBase"]
[SourceDate "2002.11.25"]
[SourceVersion "1"]
[SourceVersionDate "2002.11.25"]
[SourceQuality "1"]

1. d4 Nf6 2. c4 e6 3. Nc3 Bb4 4. Qc2 b6 5. Bg5 h6 6. Bh4 Bb7 7. f3 c5 8. e3 d5 9. cxd5 g5 10. Bb5+ Ke7 11. d6+ Qxd6 12. Bg3 Qd5 13. 0-0-0 Bxc3 14. dxc5 Qxa2 15. Bd6+ Kd8 16. Qxc3 Nbd7 17. c6 Bxc6 18. Bxc6 Rc8 19. Ba3 Kc7 20. Bd5+ Kd8 21. Bxa2 Rxc3+ 22. bxc3 Kc7 23. Ne2 Kb7 24. Rd6 Rc8 25. Rhd1 Ne5 26. Rd8 Rc6 1-0